| 000 | 00822cam a22002777a 4500 | ||
|---|---|---|---|
| 003 | CHAP | ||
| 005 | 20220329135313.0 | ||
| 008 | 971013s1965 r 00010 d | ||
| 010 | _a34101 | ||
| 011 | _a35073 | ||
| 035 | _a39189 | ||
| 040 | _cCHAP | ||
| 090 | _aFolleto 534 | ||
| 110 |
_aOficina Internacional del Trabajo _982806 |
||
| 245 | 1 | 3 | _aEl papel de las cooperativas en el progreso económico y social de los países en vías de desarrollo |
| 260 |
_aGinebra : _bOIT, _c1965 |
||
| 300 | _a44 p. | ||
| 490 | 0 |
_aInforme IV _v; 1 |
|
| 590 |
_aBATCH-UPD _b10 _c20130110 _lUCH01 _h2043 |
||
| 590 |
_aCONVERSION _b10 _c20130109 _lUCH01 _h1319 |
||
| 650 | 1 | 4 |
_aCooperativismo. _927786 |
| 830 | 0 |
_aInforme IV _v; 1 _958138 |
|
| 901 | _aBK | ||
| 942 | _cFOLL | ||
| 949 |
_aFolleto 534 _bBC _cFOLL _d-89451 _eTS1 _i39189 _si |
||
| 999 |
_c34101 _d34101 |
||